Welcome to CU Library Online Public Access Catalogue (OPAC)

The future of management : (Record no. 4003)

MARC details
000 -LEADER
fixed length control field 00701pam a2200217 a 4500
001 - CONTROL NUMBER
control field 1161279
005 - DATE AND TIME OF LATEST TRANSACTION
control field 20250220202354.0
008 - FIXED-LENGTH DATA ELEMENTS--GENERAL INFORMATION
fixed length control field 960528s1996 maua b 001 0 eng
020 ## - INTERNATIONAL STANDARD BOOK NUMBER
International Standard Book Number 0631203079 (alk. paper)
041 1# - LANGUAGE CODE
Language code of text/sound track or separate title eng
Language code of original fre
050 00 - LIBRARY OF CONGRESS CALL NUMBER
Classification number HD30.27
Item number .S2213 1996
082 00 - DEWEY DECIMAL CLASSIFICATION NUMBER
Classification number 658
Edition information 20
100 1# - MAIN ENTRY--PERSONAL NAME
Personal name Salmon, Robert,
Dates associated with a name 1935-
245 14 - TITLE STATEMENT
Title The future of management :
Remainder of title all roads lead to man /
Statement of responsibility, etc. Robert Salmon ; translated by Larry Cohen.
260 ## - PUBLICATION, DISTRIBUTION, ETC.
Place of publication, distribution, etc. Oxford, U.K. ;
-- Cambridge, Mass. :
Name of publisher, distributor, etc. Blackwell Publishers,
Date of publication, distribution, etc. 1996 (1997 printing)
300 ## - PHYSICAL DESCRIPTION
Extent xxiv, 253 p. :
Other physical details ill. ;
Dimensions 24 cm.
440 #0 - SERIES STATEMENT/ADDED ENTRY--TITLE
Title Developmental management
650 #0 - SUBJECT ADDED ENTRY--TOPICAL TERM
Topical term or geographic name entry element Forecasting.
650 #0 - SUBJECT ADDED ENTRY--TOPICAL TERM
Topical term or geographic name entry element Management.
942 ## - ADDED ENTRY ELEMENTS (KOHA)
Source of classification or shelving scheme Library of Congress Classification
Koha item type Books
Suppress in OPAC No
999 ## -
-- 4003
-- 4003
Holdings
Withdrawn status Lost status Source of classification or shelving scheme Damaged status Not for loan Collection Home library Current library Shelving location Date acquired Total checkouts Full call number Barcode Date last seen Copy number Price effective from Koha item type
    Library of Congress Classification     Non-fiction Business Library (Miotso) Business Library (Miotso) General stacks 02/20/2025   HD30.27 .S2213 1996 BSSM00000870 02/20/2025 1 02/20/2025 Books
    Library of Congress Classification     Non-fiction Business Library (Miotso) Business Library (Miotso) General stacks 02/20/2025   HD30.27 .S2213 1996 BSSM00000871 02/20/2025 2 02/20/2025 Books
    Library of Congress Classification     Non-fiction Business Library (Miotso) Business Library (Miotso) General stacks 02/20/2025   HD30.27 .S2213 1996 BSSM00000872 02/20/2025 3 02/20/2025 Books
© 2023-2024 Copyright: Central University Libraries. All Rights Reserved | Created by: Mahone Tech Office